OPAC Home

කෙතිට පාඩමක් (Record no. 41549)

MARC details
000 -LEADER
fixed length control field 00559nam a2200193Ia 4500
008 - FIXED-LENGTH DATA ELEMENTS--GENERAL INFORMATION
fixed length control field 120914t2007 xxu||||| |||| 00| 0 sin d
041 ## - LANGUAGE CODE
Language code of text/sound track or separate title Sinhala; Sinhalese
080 ## - UNIVERSAL DECIMAL CLASSIFICATION NUMBER
Universal Decimal Classification number 8 - 3 (Youn)
Item number COO
942 ## - ADDED ENTRY ELEMENTS (KOHA)
Koha item type Books
003 - CONTROL NUMBER IDENTIFIER
control field LK-CoDNM
040 ## - CATALOGING SOURCE
Original cataloging agency LK-CoDNM
Modifying agency LK-CoDNM
Description conventions LK-CoDNM
100 ## - MAIN ENTRY--PERSONAL NAME
Personal name Coolidge,Susan
700 ## - ADDED ENTRY--PERSONAL NAME
Personal name Wijesuriya,Rohini
Relator term translater
245 ## - TITLE STATEMENT
Title කෙතිට පාඩමක්
246 ## - VARYING FORM OF TITLE
Title proper/short title Kethita Padamak
260 ## - PUBLICATION, DISTRIBUTION, ETC. (IMPRINT)
Place of publication, distribution, etc. Sadeepa Publishing House
-- Colombo
Date of publication, distribution, etc. 2007
300 ## - PHYSICAL DESCRIPTION
Other physical details 192p, 21 cm
500 ## - GENERAL NOTE
General note Sinhalese translation of Susan Coolidge's of What Katy Did
Holdings
Withdrawn status Lost status Damaged status Not for loan Collection code Permanent Location Current Location Date acquired Full call number Barcode Koha item type
        Translation Library National Museum Colombo - Sri Lanka Library National Museum Colombo - Sri Lanka 2012-09-14 8 - 3 (Youn) COO 148713 Books
Copyright © 2023 Department of National Museum, Colombo 07, Sri Lanka Funded by UNESCO IFAP UNESCO